名字含鸟类的县区 Counties with birds in their names - Statistics

General Stats
  • This quiz has been taken 78 times
  • The average score is 17 of 28
Answer Stats
省区 县区 % Correct
黑龙江 鸡东县
83%
安徽 鸠江区
83%
陕西 凤翔区
83%
河南 鹤山区
78%
广东 鹤山市
78%
安徽 凤阳县
78%
湖南 凤凰县
76%
陕西 雁塔区
76%
辽宁 凤城市
68%
河北 鹰手营子矿区
67%
湖南 鹤城区
65%
河北 鸡泽县
65%
陕西 凤县
65%
宁夏 金凤区
63%
黑龙江 鸡冠区
62%
广西 凤山县
60%
湖北 来凤县
59%
云南 鹤庆县
57%
安徽 凤台县
56%
黑龙江 龙凤区
54%
湖北 鹤峰县
52%
广西 雁山区
52%
云南 凤庆县
51%
四川 雁江区
51%
湖南 雁峰区
46%
陕西 丹凤县
43%
贵州 凤冈县
40%
河南 凤泉区
29%
No matching quizzes found
Score Distribution
Percent of People with Each Score
Percentile by Number Answered
Your Score History
You have not taken this quiz